000 00478nam a2200181Ia 4500
003 GCL
008 140319s9999 xx 000 0 ara d
040 _aGCL /
_cGCL
082 0 4 _a813.008
_bع ح
100 1 _aعبدالبديع عبدالله
245 1 0 _aحكايات الطين الاخضر /
_cعبدالبديع عبدالله
300 _a152 ص
490 _a
650 0 4 _aالادب العربى
650 0 4 _aمصر
650 0 4 _aالادب
942 _2ddc
_cBK
999 _c40595
_d40595